000 00602nam a22002177a 4500
999 _c1752
_d1752
001 11126
003 BD-DhUAP
005 20210127091428.0
008 200216s1987 bg ||||| |||| 00| 0 eng d
040 _aBD-DhUAP
_bEng
_cBD-DhUAP
_dBD-DhUAP
082 _223
_a348.5492046 DLR
245 _aDLR's 36-year civil digest (1949-1984).
250 _a1st ed.
260 _aDhaka :
_bBangladesh law reports,
_cc1987.
300 _aparts ;
_c25 cm.
500 _aIncludes index.
505 _aP. 2--
650 _aLaw reports, digests, etc
_zBangladesh.
710 _aBangladesh law reports
942 _2ddc
_cBK